| 000 -LEADER | |
|---|---|
| fixed length control field | 00416nam a22001697a 4500 |
| 005 - DATE AND TIME OF LATEST TRANSACTION | |
| control field | 20180728155142.0 |
| 008 - FIXED-LENGTH DATA ELEMENTS--GENERAL INFORMATION | |
| fixed length control field | 160517b xxu||||| |||| 00| 0 eng d |
| 020 ## - INTERNATIONAL STANDARD BOOK NUMBER | |
| ISBN | 0-07-066287-8 |
| 041 ## - LANGUAGE CODE | |
| Language code of text/sound track or separate title | eng |
| 082 ## - DEWEY DECIMAL CLASSIFICATION NUMBER | |
| Item number | 2546 |
| Classification number | 658.3 |
| 100 ## - MAIN ENTRY--AUTHOR NAME | |
| Personal name | Flipo,Edwin.B. |
| 245 ## - TITLE STATEMENT | |
| Title | Personnal Management |
| 260 ## - PUBLICATION, DISTRIBUTION, ETC. (IMPRINT) | |
| Place of publication | New Delhi |
| Name of publisher | Mc Graw Hill Companies, |
| Year of publication | 1984 |
| 300 ## - PHYSICAL DESCRIPTION | |
| Number of Pages | 588p, |
| 650 ## - SUBJECT ADDED ENTRY--TOPICAL TERM | |
| Topical Term | Management |
| 942 ## - ADDED ENTRY ELEMENTS (KOHA) | |
| Koha item type | Books |
| Lost status | Damaged status | Collection code | Home library | Current library | Shelving location | Date acquired | Cost, normal purchase price | Full call number | Accession Number | Koha item type |
|---|---|---|---|---|---|---|---|---|---|---|
| MANAGEMENT | JRU Library | JRU Library | SHELF-62 -A | 17/05/2016 | 12.50 | 658.3 | 2546 | Books | ||
| MANAGEMENT | JRU Library | JRU Library | SHELF-62 -A | 17/05/2016 | 12.50 | 658.3 | 2547 | Books | ||
| MANAGEMENT | JRU Library | JRU Library | SHELF-62 -A | 17/05/2016 | 12.50 | 658.3 | 2548 | Books | ||
| MANAGEMENT | JRU Library | JRU Library | SHELF-62 -A | 17/05/2016 | 12.50 | 658.3 | 2549 | Books | ||
| MANAGEMENT | JRU Library | JRU Library | SHELF-62 -A | 17/05/2016 | 12.50 | 658.3 | 2550 | Books | ||
| Reference | JRU Library | SHELF-30-G | 17/05/2016 | 12.50 | 658.3 | 2551 | Books | |||
| MANAGEMENT | JRU Library | JRU Library | SHELF-62 -A | 17/05/2016 | 12.50 | 658.3 | 2552 | Books |